| 000 | 00696nam a22002417a 4500 | ||
|---|---|---|---|
| 999 |
_c108444 _d108444 |
||
| 005 | 20200129143235.0 | ||
| 010 | _a327412 | ||
| 020 | _c00.00 | ||
| 035 | _a327412 | ||
| 037 | _bCen Lib/Ret | ||
| 082 | _a847 | ||
| 100 | _aشوکت تھانوی | ||
| 245 |
_aراجہ صاحب / _cشوکت تھانوی |
||
| 246 |
_aRaja sahab / _bby Shokat Thanvi |
||
| 260 |
_bمحمود پبلشنگ ہاؤس _aدہلی _c1965 |
||
| 270 |
_bدہلی _aاردو بازار |
||
| 300 |
_a128p. _c18cm(Hb) |
||
| 650 | _aادب -- اردو | ||
| 650 | _aاردو ڈرامے | ||
| 650 | _aLiterature -- Hindi | ||
| 650 | _aUrdu drame | ||
| 942 |
_2ddc _cUR _h847 _mش و ک |
||